[Event "PRO League Group Stage"]
[Site "chess.com INT"]
[Date "2019.03.13"]
[Round "10"]
[White "Shlyakhtenko, Robert"]
[Black "Bartholomew, John"]
[Result "0-1"]
[BlackTitle "IM"]
[WhiteElo "2190"]
[BlackElo "2439"]
[WhiteTeam "San Diego Surfers"]
[BlackTeam "Minnesota Blizzard"]
[WhiteFideId "30936934"]
[BlackFideId "2019353"]
[EventDate "2019.01.08"]

1. Nf3 d5 2. g3 Bg4 3. Bg2 Nd7 4. O-O e5 5. d3 Ngf6 6. Nbd2 c6 7. e4 dxe4 8.
dxe4 Be7 9. h3 Bh5 10. Qe2 O-O 11. a4 Qc7 12. Nc4 Rfe8 13. g4 Bg6 14. Nh4 Nf8
15. Nf5 Ne6 16. c3 Bf8 17. a5 b5 18. axb6 axb6 19. Rxa8 Rxa8 20. h4 b5 21. h5
bxc4 22. hxg6 hxg6 23. Ng3 Nf4 24. Qxc4 Nxg4 25. Ne2 Nxe2+ 26. Qxe2 Nf6 27. f4
Nh5 28. Qf2 Nxf4 29. Bxf4 exf4 30. Qxf4 Bd6 31. e5 Bxe5 32. Qc4 Rc8 33. Bh3 Re8
34. Kh1 Bf6 35. Rd1 Qg3 36. Qg4 Qb8 37. Qg2 Re3 38. Bd7 Qe5 39. Bg4 Be7 40. Bf3
c5 41. Ra1 Bd6 42. Ra8+ Bb8 43. Ra1 Rxf3 44. Rd1 Bd6 45. Rxd6 Qe1+ 46. Kh2 Rf2
47. Rd8+ Kh7 0-1

[Event "PRO League Group Stage"]
[Site "chess.com INT"]
[Date "2019.03.13"]
[Round "10"]
[White "Smirnov, Anton"]
[Black "Safarli, Eltaj"]
[Result "1-0"]
[WhiteTitle "GM"]
[BlackTitle "GM"]
[WhiteElo "2569"]
[BlackElo "2681"]
[WhiteTeam "Australia Kangaroos"]
[BlackTeam "San Jose Hackers"]
[WhiteFideId "3208923"]
[BlackFideId "13402129"]
[EventDate "2019.01.08"]

1. e4 e5 2. Nf3 Nc6 3. Bb5 a6 4. Bxc6 dxc6 5. O-O Bg4 6. h3 h5 7. d3 Bxf3 8.
Qxf3 Qd7 9. Be3 f6 10. Rd1 g5 11. Qe2 c5 12. Nc3 O-O-O 13. Nd5 Bd6 14. c3 g4 15.
h4 Ne7 16. Nxf6 Qe6 17. Bg5 Rdf8 18. Nd5 Nxd5 19. exd5 Qxd5 20. Qe4 Qe6 21. Re1
Rf5 22. Re2 Rhf8 23. g3 Rf3 24. c4 Qf5 25. Qxf5+ R8xf5 26. Rd1 Kd7 27. Rdd2 a5
28. b3 b6 29. Kg2 Ke6 30. Re4 Kd7 31. Kg1 Ke6 32. Re3 Rxe3 33. Bxe3 Rf3 34. Re2
Kf5 35. Kf1 Ke6 36. Ke1 Kf5 37. Kd2 Be7 38. Re1 Bd6 39. Ke2 Ke6 40. Rd1 Kf7 41.
Re1 Ke6 42. Kd2 Kd7 43. Re2 Ke6 44. Kc2 Kd7 45. Bd2 Ke6 46. Be1 Kf5 47. Re4 Ke6
48. Kd2 Kf5 49. Ke2 Bf8 50. Bd2 Bd6 51. Bg5 Ke6 52. Re3 Rxe3+ 53. Kxe3 Kf5 54.
Bd8 Ke6 55. Ke4 Kd7 56. Bf6 Ke6 57. Bg7 c6 58. Bh6 b5 59. a4 bxa4 60. bxa4 Bc7
61. Bg5 Bb6 62. Be3 Kf6 63. Bh6 Ke6 64. Bf8 Ba7 65. f3 gxf3 66. Kxf3 Kf5 67. Bd6
Bb6 68. Bb8 Bd8 69. Ba7 Bc7 70. Bxc5 Bd8 71. Bd6 Ke6 72. Bb8 Kf5 73. c5 Ke6 74.
Ke4 Be7 75. Ba7 Bd8 76. Bb6 Be7 77. Bxa5 Bxc5 78. Bc7 1-0

[Event "PRO League Group Stage"]
[Site "chess.com INT"]
[Date "2019.03.13"]
[Round "10"]
[White "Aleskerov, Faik"]
[Black "Fernandez, Daniel Howard"]
[Result "1-0"]
[BlackTitle "GM"]
[WhiteElo "2315"]
[BlackElo "2465"]
[WhiteTeam "San Jose Hackers"]
[BlackTeam "Australia Kangaroos"]
[WhiteFideId "13401262"]
[BlackFideId "5801605"]
[EventDate "2019.01.08"]

1. e4 g6 2. d4 Bg7 3. Bc4 e6 4. Nf3 d5 5. exd5 exd5 6. Bd3 Bg4 7. O-O Ne7 8. h3
Bf5 9. Bg5 Bxd3 10. Qxd3 O-O 11. Qb5 b6 12. Bxe7 Qxe7 13. Qxd5 c6 14. Qc4 Nd7
15. Qxc6 Rfc8 16. Qa4 b5 17. Qb3 a5 18. Nc3 a4 19. Qxb5 a3 20. Rae1 Qd8 21. Nd5
Rcb8 22. Ne7+ Kh8 23. Ng5 Qxe7 24. Qxb8+ Rxb8 25. Rxe7 axb2 26. Rxd7 b1=Q 27.
Rxb1 Rxb1+ 28. Kh2 Bf6 29. Nxf7+ Kg8 30. Nh6+ Kh8 31. f4 Rb2 32. d5 Rxc2 33. d6
Rxa2 34. Ng4 Bh4 35. Ne5 Ra4 36. Nf3 Bf2 37. Rc7 Be3 38. Rc8+ Kg7 39. d7 Bxf4+
40. g3 Ra2+ 41. Kg1 Ra1+ 42. Kf2 Ra2+ 43. Kf1 Ra1+ 44. Ke2 Ra2+ 45. Kd3 Ra3+ 46.
Kc2 Bxg3 47. d8=Q Rxf3 48. Qd4+ Kh6 49. Qg4 Re3 50. Rc3 1-0

[Event "PRO League Group Stage"]
[Site "chess.com INT"]
[Date "2019.03.13"]
[Round "10"]
[White "Song, Raymond"]
[Black "Ravuri, Vinesh"]
[Result "0-1"]
[WhiteTitle "FM"]
[WhiteElo "2329"]
[BlackElo "2042"]
[WhiteTeam "Australia Kangaroos"]
[BlackTeam "San Jose Hackers"]
[WhiteFideId "3203824"]
[BlackFideId "45042632"]
[EventDate "2019.01.08"]

1. d4 Nf6 2. Nf3 g6 3. g3 Bg7 4. Bg2 O-O 5. O-O d6 6. b3 c5 7. c4 Nc6 8. Bb2 Bg4
9. d5 Na5 10. h3 Bd7 11. Nbd2 b5 12. Qc2 Rb8 13. e4 bxc4 14. Bc3 cxb3 15. axb3
Nb7 16. Rxa7 Ne8 17. Rfa1 Nc7 18. Bxg7 Kxg7 19. Nc4 Nb5 20. R7a6 f6 21. Nb6 Nd4
22. Nxd4 cxd4 23. Nxd7 Qxd7 24. b4 Rfc8 25. Qd3 Nd8 26. Qxd4 Rc7 27. Bf1 Nf7 28.
R6a3 Rbc8 29. b5 Rc1 30. Kg2 Ne5 31. Rxc1 Rxc1 32. Ra7 Qd8 33. Qe3 Rb1 34. Be2
Rb2 35. Bf1 Rb1 36. Qc3 Kf7 37. Qc7 Qxc7 38. Rxc7 Ke8 39. Rc8+ Kf7 40. Rc2 f5
41. f4 Nd7 42. exf5 gxf5 43. Rc7 Nc5 44. g4 Ne4 45. gxf5 Rb2+ 46. Kg1 Ng3 47.
Bd3 Nh5 48. Rb7 Nxf4 49. Bf1 Kf6 50. Bc4 Rb1+ 51. Kf2 Rb4 52. Bf1 Nxd5 53. Rb8
Kxf5 54. Bd3+ Ke5 55. Bxh7 Rh4 56. Bg8 Rh8 57. Ra8 Nf6 58. Bd5 Rxh3 59. b6 Kxd5
60. b7 Nd7 61. Rd8 Rb3 62. Rxd7 e5 63. Ke2 Kc6 64. Rd8 Rxb7 65. Kd3 Kd5 66. Ra8
Rb3+ 67. Kd2 Rb4 68. Kd3 Rh4 69. Ra5+ Ke6 70. Ke3 d5 71. Ra8 Rh3+ 72. Ke2 Kf5
73. Ra4 d4 74. Kd2 Ke4 75. Ra8 Rh2+ 76. Kd1 Ke3 77. Rg8 Rh1+ 78. Kc2 d3+ 79. Kc3
d2 80. Rg3+ Kf4 0-1

[Event "PRO League Group Stage"]
[Site "chess.com INT"]
[Date "2019.03.13"]
[Round "10"]
[White "Mikhalevski, Victor"]
[Black "Zierk, Steven"]
[Result "0-1"]
[WhiteTitle "GM"]
[BlackTitle "GM"]
[WhiteElo "2581"]
[BlackElo "2510"]
[WhiteTeam "Seattle Sluggers"]
[BlackTeam "San Francisco Mechanics"]
[WhiteFideId "2801914"]
[BlackFideId "2034255"]
[EventDate "2019.01.08"]

1. c4 g6 2. g3 Nf6 3. Bg2 c5 4. Nc3 Bg7 5. Nf3 O-O 6. O-O Nc6 7. d4 cxd4 8. Nxd4
Nxd4 9. Qxd4 d6 10. Qd3 a6 11. Bg5 Rb8 12. Rfd1 h6 13. Bf4 Nd7 14. Rac1 Ne5 15.
Bxe5 Bxe5 16. c5 Be6 17. f4 Bxc3 18. Qxc3 Rc8 19. Qe3 Qa5 20. cxd6 exd6 21. a3
Qb5 22. b4 Bc4 23. Rxd6 Rfe8 24. Qd4 Bxe2 25. Rxc8 Rxc8 26. Rd8+ Rxd8 27. Qxd8+
Kg7 28. Qd4+ Kg8 29. Qd8+ Kg7 30. Qd4+ Kg8 31. Qd5 Qb6+ 32. Qc5 Qf6 33. Qe5 Qb6+
34. Qc5 Qf6 35. Kf2 Bg4 36. Qe5 Qb6+ 37. Qc5 Qd8 38. Qd5 Qb6+ 39. Qc5 Qe6 40. h3
Bxh3 41. Bxb7 Qa2+ 42. Kg1 Qxa3 43. Kh2 Be6 44. Qb6 Qa2+ 45. Kg1 Qb1+ 46. Kf2
Bc4 47. Bg2 Qd3 48. Qc5 Be6 49. Qb6 h5 50. Qb8+ Kh7 51. Qb6 Qd2+ 52. Kg1 Qe1+
53. Kh2 h4 54. gxh4 Qxh4+ 55. Kg1 Qe1+ 56. Kh2 Qh4+ 57. Kg1 Qxf4 58. Qc5 Qg3 59.
Kh1 Bh3 60. Bd5 Be6 61. Bxe6 Qe1+ 62. Kg2 Qxe6 63. Qf8 g5 64. Kg3 Qe3+ 65. Kg2
Qe4+ 66. Kg3 Qe5+ 67. Kg2 Kg6 68. Qg8+ Qg7 69. Qb8 Qb2+ 70. Kf3 Qb3+ 71. Kg2
Qd5+ 72. Kf2 Qd2+ 73. Kg1 Qe3+ 74. Kg2 Qe4+ 75. Kg1 Qg4+ 76. Kh1 Qe6 77. Qb7 f5
78. Kg1 Qe1+ 79. Kh2 Qe5+ 80. Kg1 Qd6 81. Kg2 g4 82. Qc8 Qxb4 83. Qg8+ Kf6 84.
Qh8+ Ke6 85. Qc8+ Ke5 0-1

[Event "PRO League Group Stage"]
[Site "chess.com INT"]
[Date "2019.03.13"]
[Round "10"]
[White "Macieja, Bartlomiej"]
[Black "Margvelashvili, Giorgi"]
[Result "0-1"]
[WhiteTitle "GM"]
[BlackTitle "GM"]
[WhiteElo "2509"]
[BlackElo "2530"]
[WhiteTeam "San Francisco Mechanics"]
[BlackTeam "Seattle Sluggers"]
[WhiteFideId "1104306"]
[BlackFideId "13602926"]
[EventDate "2019.01.08"]

1. Nf3 e6 2. c4 g5 3. d4 g4 4. Ne5 h5 5. h3 d6 6. Nd3 Bg7 7. hxg4 hxg4 8. Rxh8
Bxh8 9. g3 Nc6 10. d5 Ne5 11. Nc3 exd5 12. cxd5 Bf5 13. Nxe5 Bxe5 14. Qa4+ Bd7
15. Qb3 Rb8 16. Be3 c5 17. dxc6 bxc6 18. Qc2 Ne7 19. Bg2 Nf5 20. Bf4 Bxf4 21.
gxf4 Qb6 22. Nd1 g3 23. e3 gxf2+ 24. Kxf2 Qd8 25. Bxc6 Qh4+ 26. Kf1 Ng3+ 27. Kg2
Ke7 28. Nf2 Rg8 29. Bxd7 Nf5+ 30. Kf3 Rg3+ 31. Ke4 Rxe3+ 32. Kd5 Qxf4 33. Ne4
Qe5+ 34. Kc6 Nd4+ 35. Kb7 Nxc2 36. Nc3 Rxc3 0-1

[Event "PRO League Group Stage"]
[Site "chess.com INT"]
[Date "2019.03.13"]
[Round "10"]
[White "Mayer, Jacob"]
[Black "Hong, Andrew"]
[Result "0-1"]
[BlackTitle "FM"]
[WhiteElo "1737"]
[BlackElo "2390"]
[WhiteTeam "Seattle Sluggers"]
[BlackTeam "San Francisco Mechanics"]
[WhiteFideId "30925002"]
[BlackFideId "2099438"]
[EventDate "2019.01.08"]

1. e4 c5 2. Nf3 d6 3. d3 Nc6 4. g3 g6 5. Bg2 Bg7 6. Nbd2 e6 7. O-O Nge7 8. c3
O-O 9. a4 Rb8 10. Rb1 a6 11. b4 Bxc3 12. bxc5 dxc5 13. Nc4 b5 14. axb5 axb5 15.
Be3 bxc4 16. Rxb8 Nxb8 17. Bxc5 Nbc6 18. Qa4 cxd3 19. Qa3 Bg7 20. Rd1 Qc7 21.
Rxd3 Rd8 22. Bd6 Qb7 23. Rb3 Qd7 24. Rd3 Qa7 25. Bxe7 Rxd3 26. Qxd3 Qxe7 27. Bf1
Qc5 28. h4 Nd4 29. Nd2 e5 30. Kg2 h5 31. Nb3 Nxb3 32. Qxb3 Be6 33. Qb8+ Bf8 34.
Qb7 Qd4 35. Qa8 Kg7 36. Qa6 Qxe4+ 37. f3 Qd4 38. Qe2 Bc5 39. f4 Qg1+ 40. Kf3
Bd5+ 0-1

[Event "PRO League Group Stage"]
[Site "chess.com INT"]
[Date "2019.03.14"]
[Round "10"]
[White "Oparin, Grigoriy"]
[Black "Andriasian, Zaven"]
[Result "0-1"]
[WhiteTitle "GM"]
[BlackTitle "GM"]
[WhiteElo "2613"]
[BlackElo "2604"]
[WhiteTeam "Volga Stormbringers"]
[BlackTeam "Armenia Eagles"]
[WhiteFideId "24125890"]
[BlackFideId "13302000"]
[EventDate "2019.01.08"]

1. Nf3 d5 2. g3 Bg4 3. Bg2 Nd7 4. O-O Ngf6 5. h3 Bxf3 6. Bxf3 c6 7. d3 e6 8. e4
Bd6 9. Qe2 O-O 10. Bg2 Re8 11. Nd2 a5 12. a4 Qc7 13. Re1 Rad8 14. Nb3 h6 15. Bd2
b6 16. Be3 e5 17. c3 Nf8 18. Rad1 Ne6 19. h4 Rb8 20. Qc2 Qe7 21. Re2 Red8 22.
Bh3 dxe4 23. dxe4 Nc5 24. Bxc5 Bxc5 25. Red2 Rxd2 26. Rxd2 g6 27. Kg2 Kg7 28.
Qd3 Re8 29. Qc4 Rb8 30. Rd3 Rb7 31. Rd2 Rb8 32. Nc1 b5 33. axb5 cxb5 34. Qe2 b4
35. Nd3 bxc3 36. bxc3 a4 37. Ra2 a3 38. Qf3 Rb3 39. Rc2 Qa7 40. Qe2 Bd6 41. c4
Qd4 42. c5 Bc7 43. Nc1 Rb2 44. c6 Qxe4+ 45. Qxe4 Nxe4 46. Rc4 Nxf2 47. Ra4 Nd3+
48. Kf1 Nxc1 49. Rxa3 e4 50. Ra7 Bxg3 51. c7 Rf2+ 52. Kg1 Ne2+ 53. Kh1 Rh2# 0-1

[Event "PRO League Group Stage"]
[Site "chess.com INT"]
[Date "2019.03.14"]
[Round "10"]
[White "Martirosyan, Haik M."]
[Black "Frolyanov, Dmitry"]
[Result "1-0"]
[WhiteTitle "GM"]
[BlackTitle "GM"]
[WhiteElo "2607"]
[BlackElo "2517"]
[WhiteTeam "Armenia Eagles"]
[BlackTeam "Volga Stormbringers"]
[WhiteFideId "13306553"]
[BlackFideId "4151976"]
[EventDate "2019.01.08"]

1. d4 d5 2. c4 e6 3. Nf3 c6 4. Nbd2 f5 5. g3 Nf6 6. Bg2 Bd6 7. O-O O-O 8. Qc2 b6
9. b3 Bb7 10. Bb2 Nbd7 11. Rfd1 Rc8 12. e3 Qe7 13. Rac1 c5 14. Qb1 cxd4 15. Nxd4
a6 16. cxd5 Nxd5 17. Nc4 Bc5 18. Nxe6 Qxe6 19. Qd3 N7f6 20. Bxf6 Nb4 21. Qd7
Qxf6 22. Qxb7 Nxa2 23. Rc2 Nc3 24. Rdc1 Bb4 25. Qxb6 Ne2+ 26. Kf1 Nxc1 27. Qxf6
Rxf6 28. Rxc1 a5 29. Rd1 Kf8 30. Ra1 Rf7 31. Bd5 Ra7 32. f3 Rc5 33. e4 fxe4 34.
fxe4 Ke7 35. Ke2 Ra6 36. Ne3 g6 37. Bc4 Rd6 38. Nd5+ Ke8 39. Kd3 Rc8 40. e5
Rxd5+ 41. Bxd5 Rc3+ 42. Ke4 Rc2 43. Bc4 Rxh2 44. Rd1 Rd2 45. Rf1 Bc3 46. e6 Rd4+
47. Ke3 Rg4 48. Rf7 Bb4 49. Bb5+ Kd8 50. Rd7+ Kc8 51. Kf3 Rg5 52. Ba6+ Kb8 53.
e7 Re5 54. Rd8+ Ka7 55. e8=Q Rxe8 56. Rxe8 Kxa6 57. Rh8 Kb5 58. Rxh7 Bd2 59. Ke2
Bc1 60. Rb7+ Ka6 61. Rc7 1-0

[Event "PRO League Group Stage"]
[Site "chess.com INT"]
[Date "2019.03.14"]
[Round "10"]
[White "Bazeev, German"]
[Black "Sargsyan, Shant"]
[Result "1/2-1/2"]
[BlackTitle "IM"]
[WhiteElo "2423"]
[BlackElo "2486"]
[WhiteTeam "Volga Stormbringers"]
[BlackTeam "Armenia Eagles"]
[WhiteFideId "24119350"]
[BlackFideId "13306766"]
[EventDate "2019.01.08"]

1. d4 Nf6 2. c4 g6 3. Nc3 d5 4. cxd5 Nxd5 5. Nf3 Bg7 6. Qa4+ Nc6 7. e4 Nb6 8.
Qc2 Nxd4 9. Nxd4 Bxd4 10. Bh6 Bd7 11. Rd1 e5 12. Ne2 Bxf2+ 13. Kxf2 Qh4+ 14. g3
Qxh6 15. Qc5 Qg5 16. Qxc7 Bc6 17. Qd6 Rd8 18. Qxd8+ Qxd8 19. Rxd8+ Kxd8 20. Nc3
Ke7 21. Ke3 Rd8 22. Be2 f5 23. Rf1 fxe4 24. h4 h6 25. g4 Rf8 26. Rxf8 Kxf8 27.
g5 hxg5 28. hxg5 Ke7 29. b4 a6 30. a3 Ke6 31. Bg4+ Kd6 32. Be2 Bd5 33. a4 Nc8
34. Bd1 Ne7 35. Nxe4+ Bxe4 36. Kxe4 Nc6 37. Bb3 Nd8 38. Bd5 b6 39. a5 b5 40. Ba8
Ne6 41. Bb7 Nxg5+ 42. Ke3 Ne6 43. Bxa6 Kc6 44. Ke4 Nd4 45. Kxe5 Nc2 46. Kf6 Nxb4
47. Bxb5+ Kxb5 48. Kxg6 Kxa5 1/2-1/2

[Event "PRO League Group Stage"]
[Site "chess.com INT"]
[Date "2019.03.14"]
[Round "10"]
[White "Manukian, Artak"]
[Black "Skatchkov, Valery"]
[Result "1-0"]
[BlackTitle "FM"]
[WhiteElo "2196"]
[BlackElo "2279"]
[WhiteTeam "Armenia Eagles"]
[BlackTeam "Volga Stormbringers"]
[WhiteFideId "13301373"]
[BlackFideId "24195812"]
[EventDate "2019.01.08"]

1. e4 e5 2. Nf3 Nf6 3. Nxe5 d6 4. Nf3 Nxe4 5. Nc3 Nxc3 6. dxc3 Be7 7. Be3 O-O 8.
Qd2 Nd7 9. O-O-O Nf6 10. Bd3 c5 11. h3 Qa5 12. Kb1 Be6 13. c4 Qxd2 14. Rxd2 Rfe8
15. Ng5 Bd7 16. Re1 Bc6 17. Rde2 h6 18. Nf3 Bf8 19. Bf4 Rxe2 20. Rxe2 Re8 21.
Rxe8 Nxe8 22. Kc1 Nc7 23. Kd2 Ne6 24. Be3 Be7 25. c3 Bxf3 26. gxf3 Bg5 27. Bf5
Bxe3+ 28. fxe3 Nd8 29. Kd3 Kf8 30. b4 Ke7 31. f4 Nc6 32. a3 Kf6 33. Be4 Nd8 34.
h4 g6 35. Bg2 b6 36. Bh3 Ne6 37. Ke4 Nc7 38. Bc8 Ke7 39. Kd3 Ne8 40. Bg4 Nf6 41.
Bf3 Ne8 42. Kc2 f5 43. Kd3 Nf6 44. a4 a5 45. bxa5 bxa5 46. Bc6 Ng4 47. Bf3 Nf2+
48. Ke2 Ne4 49. Kd3 Ng3 50. Bd5 Kf6 51. Bf3 g5 52. fxg5+ hxg5 53. hxg5+ Kxg5 54.
Bd5 Nh5 55. Bf7 Nf6 56. Be6 Nh5 57. Bf7 Nf6 58. Be6 Ng4 59. Bd5 Ne5+ 60. Ke2 f4
61. exf4+ Kxf4 62. Kd2 Nd7 63. Bc6 Ne5 64. Bd5 Nd7 65. Bc6 Nb6 66. Kd3 Ke5 67.
Bb5 Nc8 68. Bc6 Ne7 69. Be4 Ng8 70. Bd5 Nf6 71. Bf3 Kf4 72. Bc6 Kg3 73. Ke3 Kg4
74. Be4 Kg3 75. Bf5 Kg2 76. Kf4 Kf2 77. Kg5 Ne8 78. Bd7 Nc7 79. Kf6 d5 80. Ke5
dxc4 81. Kd6 Na6 82. Bb5 Nb8 83. Bxc4 Ke3 84. Bb5 Kd2 85. c4 Kc3 86. Kxc5 Kd3
87. Kd6 1-0

[Event "PRO League Group Stage"]
[Site "chess.com INT"]
[Date "2019.03.14"]
[Round "10"]
[White "Sjugirov, Sanan"]
[Black "Ghosh, Diptayan"]
[Result "1-0"]
[WhiteTitle "GM"]
[BlackTitle "GM"]
[WhiteElo "2663"]
[BlackElo "2544"]
[WhiteTeam "Moscow Wizards"]
[BlackTeam "Mumbai Movers"]
[WhiteFideId "4189302"]
[BlackFideId "5045207"]
[EventDate "2019.01.08"]

1. d4 Nf6 2. c4 e6 3. Nf3 b6 4. g3 Ba6 5. b3 d5 6. cxd5 exd5 7. Bg2 Bb4+ 8. Bd2
Be7 9. O-O O-O 10. Nc3 Re8 11. Ne5 Bb7 12. Bc1 Nbd7 13. Bb2 Bd6 14. f4 Ne4 15.
Nxe4 dxe4 16. Qc2 Nf6 17. Rac1 Qe7 18. e3 Bd5 19. Qe2 h6 20. g4 a5 21. h4 Nd7
22. g5 hxg5 23. hxg5 f6 24. Ng6 Qd8 25. Qh5 Nf8 26. Nxf8 Kxf8 27. gxf6 Bg8 28.
fxg7+ Kxg7 29. d5+ 1-0

[Event "PRO League Group Stage"]
[Site "chess.com INT"]
[Date "2019.03.14"]
[Round "10"]
[White "Puranik, Abhimanyu"]
[Black "Tsydypov, Zhamsaran"]
[Result "1-0"]
[WhiteTitle "GM"]
[BlackTitle "IM"]
[WhiteElo "2536"]
[BlackElo "2545"]
[WhiteTeam "Mumbai Movers"]
[BlackTeam "Moscow Wizards"]
[WhiteFideId "5061245"]
[BlackFideId "4108566"]
[EventDate "2019.01.08"]

1. e4 c5 2. c3 d6 3. d4 Nf6 4. Bd3 g6 5. Nf3 Bg7 6. O-O O-O 7. h3 Nc6 8. Be3
cxd4 9. cxd4 Nb4 10. Nc3 Nxd3 11. Qxd3 a6 12. Rac1 Bd7 13. Rfe1 b5 14. a3 Rc8
15. Qd2 Bc6 16. Bh6 Bb7 17. Bxg7 Kxg7 18. d5 Rc5 19. Nd4 Qb6 20. Qg5 Bc8 21. Nb3
Rc4 22. Nd2 Rc7 23. e5 dxe5 24. Qxe5 Rd8 25. Na4 bxa4 26. Qxc7 Qxc7 27. Rxc7
Nxd5 28. Ra7 Rd6 29. Nc4 Rc6 30. Ne3 Nf4 31. Rxe7 Be6 32. Rd1 Rb6 33. Rd2 h6 34.
Re8 h5 35. h4 Rc6 36. g3 Nh3+ 37. Kg2 g5 38. Rxe6 Rxe6 39. Kxh3 g4+ 40. Kg2 Rb6
41. Rd4 Rxb2 42. Rxa4 Rb6 43. Ra5 Kg6 44. Nd5 1-0

[Event "PRO League Group Stage"]
[Site "chess.com INT"]
[Date "2019.03.14"]
[Round "10"]
[White "Anisimov, Pavel2"]
[Black "Sadhwani, Raunak"]
[Result "1-0"]
[WhiteTitle "IM"]
[BlackTitle "IM"]
[WhiteElo "2527"]
[BlackElo "2451"]
[WhiteTeam "Moscow Wizards"]
[BlackTeam "Mumbai Movers"]
[WhiteFideId "4135229"]
[BlackFideId "35093487"]
[EventDate "2019.01.08"]

1. e4 e5 2. Nf3 Nf6 3. Nxe5 d6 4. Nf3 Nxe4 5. Qe2 Qe7 6. d3 Nf6 7. Bg5 Qxe2+ 8.
Bxe2 Be7 9. Nc3 c6 10. h3 Na6 11. O-O-O Nc7 12. Rhe1 d5 13. Bf1 Ne6 14. Be3 O-O
15. Nd4 Nxd4 16. Bxd4 Be6 17. f4 c5 18. Bf2 Bd6 19. g3 d4 20. Ne4 Nxe4 21. dxe4
f6 22. b3 Bc7 23. Bc4 Bxc4 24. bxc4 Ba5 25. Re2 Rfe8 26. Be1 Bc7 27. Kd2 Re6 28.
Kd3 Ra6 29. Rb1 Rb8 30. c3 dxc3 31. Bxc3 Rd8+ 32. Ke3 Ra4 33. Rxb7 Rxc4 34. Bb2
Bb6 35. e5 f5 36. Kf2 Re4 37. Rxe4 fxe4 38. Ke3 h5 39. e6 Re8 40. Rxg7+ Kf8 41.
Rf7+ Kg8 42. f5 1-0

[Event "PRO League Group Stage"]
[Site "chess.com INT"]
[Date "2019.03.14"]
[Round "10"]
[White "Raja, Harshit"]
[Black "Skvortsov, Andrei"]
[Result "1-0"]
[WhiteTitle "IM"]
[WhiteElo "2432"]
[BlackElo "2128"]
[WhiteTeam "Mumbai Movers"]
[BlackTeam "Moscow Wizards"]
[WhiteFideId "5089000"]
[BlackFideId "24108600"]
[EventDate "2019.01.08"]

1. e4 c5 2. c3 e6 3. Nf3 d5 4. exd5 Qxd5 5. d4 cxd4 6. cxd4 Nf6 7. Nc3 Bb4 8.
Bd3 O-O 9. O-O Qh5 10. Be2 Qf5 11. Ne5 Bxc3 12. bxc3 Nd5 13. Bd3 Qf6 14. c4 Nb6
15. Qh5 g6 16. Ng4 Qxd4 17. Qh4 Nc6 18. Nf6+ Kg7 19. Bh6+ Kh8 20. Qxd4 Nxd4 21.
Bxf8 Bd7 22. Bd6 Nc6 23. Nxd7 Nxd7 24. Be4 Rc8 25. Rfd1 Nb6 26. Bxc6 bxc6 27.
Be5+ Kg8 28. Rac1 Kf8 29. a4 Ke7 30. a5 Nd7 31. Bd6+ Ke8 32. Rb1 1-0

[Event "PRO League Group Stage"]
[Site "chess.com INT"]
[Date "2019.03.14"]
[Round "10"]
[White "Pantsulaia, Levan"]
[Black "Ponkratov, Pavel"]
[Result "1/2-1/2"]
[WhiteTitle "GM"]
[BlackTitle "GM"]
[WhiteElo "2597"]
[BlackElo "2630"]
[WhiteTeam "Tbilisi Gentlemen"]
[BlackTeam "Moscow Phoenix"]
[WhiteFideId "13602071"]
[BlackFideId "4157800"]
[EventDate "2019.01.08"]

1. Nf3 Nf6 2. g3 b6 3. Bg2 Bb7 4. O-O g6 5. c4 c5 6. Nc3 Bg7 7. d4 cxd4 8. Qxd4
O-O 9. Qh4 h5 10. Rd1 d6 11. Bg5 Nbd7 12. Rac1 Rc8 13. b3 Re8 14. e4 Qc7 15. Nd5
Qb8 16. Nd4 Rc5 17. b4 Rcc8 18. Bh3 Rcd8 19. a3 Nf8 20. Nb5 N8h7 21. Nbc7 Nxg5
22. Qxg5 Nxe4 23. Qe3 Nf6 24. Nxe8 Rxe8 25. Bg2 Kh7 26. Rc2 Ng4 27. Qe2 e6 28.
Ne3 Bxg2 29. Kxg2 Qb7+ 30. Qf3 Nxe3+ 31. fxe3 Qc7 32. Rcd2 Be5 33. c5 d5 34. c6
b5 35. Rc2 Kg7 36. Qe2 Qb6 37. e4 d4 38. Rc5 Bd6 39. Rxb5 Qxc6 40. Rxd4 Rc8 41.
Ra5 Qb6 42. Qf2 Rc7 43. e5 Be7 44. Rf4 Qc6+ 45. Kh3 Bg5 46. Rc5 Qd7 47. Rd4 Qe7
48. Rxc7 Qxc7 49. Re4 Qc6 50. Qf3 Bd8 51. Kg2 Bb6 52. Re2 Qd7 53. Rc2 Bd8 54.
Qc6 Qd3 55. a4 Qd4 56. Qb7 Bb6 57. a5 Qg1+ 58. Kh3 Qf1+ 59. Rg2 Qf5+ 60. g4
hxg4+ 61. Rxg4 Qh5+ 62. Kg3 Qxe5+ 63. Kg2 Qe2+ 64. Kh3 Qe3+ 65. Rg3 Qh6+ 66. Kg2
Qd2+ 67. Kh3 Bd4 68. Rf3 Qh6+ 69. Kg2 Qg5+ 70. Kf1 Qc1+ 71. Kg2 Qg5+ 72. Kf1
Qc1+ 73. Kg2 Qg5+ 74. Kf1 Qc1+ 1/2-1/2

[Event "PRO League Group Stage"]
[Site "chess.com INT"]
[Date "2019.03.14"]
[Round "10"]
[White "Kryakvin, Dmitry"]
[Black "Paichadze, Luka"]
[Result "1/2-1/2"]
[WhiteTitle "GM"]
[BlackTitle "GM"]
[WhiteElo "2588"]
[BlackElo "2583"]
[WhiteTeam "Moscow Phoenix"]
[BlackTeam "Tbilisi Gentlemen"]
[WhiteFideId "4153278"]
[BlackFideId "13602934"]
[EventDate "2019.01.08"]

1. d4 Nf6 2. Bg5 e6 3. e4 h6 4. Bxf6 Qxf6 5. c3 b6 6. Bd3 Bb7 7. Ne2 Qd8 8. O-O
Be7 9. f4 O-O 10. Nd2 d6 11. Ng3 Nd7 12. Qe2 c5 13. Rad1 cxd4 14. cxd4 Bh4 15.
e5 dxe5 16. dxe5 Bxg3 17. hxg3 Nc5 18. Ne4 Qd4+ 19. Nf2 Nxd3 20. Rxd3 Qa4 21.
Ra3 Qc6 22. Ng4 Rfd8 23. Rc3 Qd5 24. Rc7 Rac8 25. Rfc1 Rxc7 26. Rxc7 Rd7 27.
Rxd7 Qxd7 28. a3 Qd5 29. Ne3 Qe4 30. Qf2 a5 31. Kh2 b5 32. Qd2 b4 33. axb4 axb4
34. b3 Bd5 35. Nc2 Bxb3 36. Nxb4 h5 37. Qd8+ Kh7 38. Qd3 Qxd3 39. Nxd3 Kg6 40.
g4 hxg4 41. Kg3 Bd5 42. Nf2 Kh5 43. Nxg4 Bxg2 44. Ne3 Be4 45. Kh3 g5 46. Kg3 Bd3
47. Ng4 Kg6 48. Ne3 Be2 49. Nc2 Bh5 50. Nd4 Bd1 51. Nb5 Be2 52. Nd4 Bd3 53. Kg4
Bf5+ 54. Kg3 g4 55. Kh4 Kg7 56. Ne2 f6 57. exf6+ Kxf6 58. Ng3 Ke7 59. Nh5 Kd6
60. Kg3 Kd5 61. Nf6+ Kd4 62. Nxg4 Bxg4 63. Kxg4 Ke4 64. Kg5 Kf3 65. Kf6 Kxf4 66.
Kxe6 1/2-1/2